000 00641nam a22001697a 4500
999 _c15034
_d15034
003 OSt
082 _2631.587 SAJ/ST
088 _aT 36
100 _aSAJI M. KURIAKOSE
_92333
245 _aStudies on the effects of various parameters on the performance of 'Petti and Para'
260 _aTavanur 1994
_bKelappaji College of Agricultural Engineering and Technology
300 _a112
500 _aStudies on the effects of various parameters on the performance of 'Petti and Para'
520 _aStudies on the effects of various parameters on the performance of 'Petti and Para'
700 _aDr. K John Thomas (Guide)
_92139
942 _cTH